| 000 | 00977nam a22002657a 4500 | ||
|---|---|---|---|
| 003 | BR-ViAPE | ||
| 005 | 20260514121715.0 | ||
| 008 | 260514s2016 porabcogs|||| 001 0 por d | ||
| 020 | _q978-85-98928-20-3 | ||
| 040 | _cBR-ViAPE | ||
| 100 | _aMaciel, Cleber | ||
| 245 | _aNegos no Espírito Santo | ||
| 250 | _a2.ed. | ||
| 260 |
_aVitória _bArquivo Público do Estado do Espírito Santo _c2016 |
||
| 300 |
_a282 p. _bil. |
||
| 300 | _bLivro disponível em PDF | ||
| 490 |
_aColeção Canaã _vv. 22 |
||
| 500 | _aObra disponibilizada em PDF por integrar a Coleção Canaã do APEES. | ||
| 650 |
_aNegros _xHistória _xCondição social _zEspírito Santo (Brasil) |
||
| 651 | _aEspírito Santo (Brasil) | ||
| 700 |
_aOliveira, Osvaldo Martins de _eorganizador |
||
| 710 | _aArquivo Público do Estado do Espírito Santo | ||
| 856 |
_uhttps://ape.es.gov.br/Media/ape/PDF/Livros/MioloLivroNegros_FINAL_BAIXA.pdf _yCLIQUE AQUI PARA ACESSAR O DOCUMENTO |
||
| 942 |
_2ddc _cBK _n1 |
||
| 999 |
_c668 _d668 |
||